| 000 | 00867nam a22002297a 4500 | ||
|---|---|---|---|
| 999 |
_c15917 _d15917 |
||
| 003 | AR-CdUCM | ||
| 008 | 190430b ||||| |||| 00| 0 spa d | ||
| 040 |
_aMUNICIPALIDAD PROVINCIAL DEL CUSCO _cBIBLIOTECA MUNICIPAL DEL CUSCO |
||
| 082 |
_aPI / 398 / _bT18 |
||
| 110 |
_aUNICEF. _99438 |
||
| 245 | _aTarpusqa Kawsaykunamanta / | ||
| 260 |
_aLima : _c2010. _bUnicef, |
||
| 300 |
_a7 páginas ; _c27 cm. _bIlustraciones. |
||
| 440 |
_aTakikuna. _935137 |
||
| 500 | _aApoyo financiero del gobierno de Canadá, Dirección regional de educación Apurimac, y la unidad de gestión educativa local Andahuaylas. | ||
| 505 | _aContenido :Tarpusqa, kawsaykunamanta ... | ||
| 650 |
_aIdioma quechua. _927790 |
||
| 650 |
_aEducación primaria. _91561 |
||
| 700 |
_aMamani Osco, Jeannette Jakelyne (ilustraciones) _935138 |
||
| 942 |
_2ddc _cLIBROS |
||
| 945 |
_arum _d2019-04-30 |
||